| 000 -LEADER |
| fixed length control field |
02322cam a2200505 i 4500 |
| 001 - CONTROL NUMBER |
| control field |
18756395 |
| 003 - CONTROL NUMBER IDENTIFIER |
| control field |
NUST |
| 005 - DATE AND TIME OF LATEST TRANSACTION |
| control field |
20220801093258.0 |
| 008 - FIXED-LENGTH DATA ELEMENTS--GENERAL INFORMATION |
| fixed length control field |
150824s2015 pk 000 0 urd |
| 010 ## - LIBRARY OF CONGRESS CONTROL NUMBER |
| LC control number |
2015327420 |
| 020 ## - INTERNATIONAL STANDARD BOOK NUMBER |
| International Standard Book Number |
9789698344238 |
| 040 ## - CATALOGING SOURCE |
| Original cataloging agency |
DLC |
| Language of cataloging |
eng |
| Description conventions |
rda |
| Transcribing agency |
DLC |
| Modifying agency |
DLC |
| 042 ## - AUTHENTICATION CODE |
| Authentication code |
lcode |
| -- |
pcc |
| 050 00 - LIBRARY OF CONGRESS CALL NUMBER |
| Classification number |
HN690.5.A8 |
| Item number |
S367 2015 |
| 066 ## - CHARACTER SETS PRESENT |
| Alternate G0 or G1 character set |
(3 |
| -- |
(4 |
| 082 ## - DEWEY DECIMAL CLASSIFICATION NUMBER |
| Classification number |
303.44 |
| Author Mark |
SAM |
| 245 00 - TITLE STATEMENT |
| Linkage |
880-01 |
| Title |
Samājī shuʻbah aur pāʼīdār taraqqī / |
| Statement of responsibility, etc. |
tartīb va tadvīn, Ḥmerā Ashfāq. |
| 250 ## - EDITION STATEMENT |
| Linkage |
880-02 |
| Edition statement |
Ishāʻat-i avval. |
| 264 #1 - PRODUCTION, PUBLICATION, DISTRIBUTION, MANUFACTURE, AND COPYRIGHT NOTICE |
| Linkage |
880-03 |
| Place of production, publication, distribution, manufacture |
Islāmābād : |
| Name of producer, publisher, distributor, manufacturer |
Pālīsī Insṭīṭiyūṭ barāʼe Pāʼīdār Taraqqī, |
| Date of production, publication, distribution, manufacture, or copyright notice |
2015. |
| 300 ## - PHYSICAL DESCRIPTION |
| Extent |
425 pages ; |
| Dimensions |
23 cm |
| 336 ## - CONTENT TYPE |
| Content type term |
text |
| Content type code |
txt |
| Source |
rdacontent |
| 337 ## - MEDIA TYPE |
| Media type term |
unmediated |
| Media type code |
n |
| Source |
rdamedia |
| 338 ## - CARRIER TYPE |
| Carrier type term |
volume |
| Carrier type code |
nc |
| Source |
rdacarrier |
| 490 0# - SERIES STATEMENT |
| Linkage |
880-04 |
| Series statement |
Silsilah-yi mat̤būʻāt ; |
| Volume/sequential designation |
5 |
| 505 ## - FORMATTED CONTENTS NOTE |
| Formatted contents note |
Smaji, Samaji |
| 520 ## - SUMMARY, ETC. |
| Summary, etc. |
On social conditions of Pakistan, women, labor unions and their impacts on sustainable development in Pakistan; contributed articles published in serial Pāʼīdār taraqqī between 2001-2012. |
| 546 ## - LANGUAGE NOTE |
| Language note |
In Urdu. |
| 650 #0 - SUBJECT ADDED ENTRY--TOPICAL TERM |
| Topical term or geographic name entry element |
Women |
| Geographic subdivision |
Pakistan |
| General subdivision |
Social conditions. |
| 9 (RLIN) |
33 |
| 650 #0 - SUBJECT ADDED ENTRY--TOPICAL TERM |
| Topical term or geographic name entry element |
Labor unions |
| Geographic subdivision |
Pakistan. |
| 9 (RLIN) |
6836 |
| 650 #0 - SUBJECT ADDED ENTRY--TOPICAL TERM |
| Topical term or geographic name entry element |
Sustainable development |
| Geographic subdivision |
Pakistan. |
| 9 (RLIN) |
6837 |
| 651 #0 - SUBJECT ADDED ENTRY--GEOGRAPHIC NAME |
| Geographic name |
Pakistan |
| General subdivision |
Social conditions |
| Chronological subdivision |
21st century. |
| 9 (RLIN) |
3727 |
| 700 1# - ADDED ENTRY--PERSONAL NAME |
| Linkage |
880-05 |
| Personal name |
Ashfāq, Ḥumerā |
| Relator term |
compiler. |
| 9 (RLIN) |
6838 |
| 710 2# - ADDED ENTRY--CORPORATE NAME |
| Corporate name or jurisdiction name as entry element |
Sustainable Development Policy Institute. |
| 9 (RLIN) |
6839 |
| 730 0# - ADDED ENTRY--UNIFORM TITLE |
| Linkage |
880-06 |
| Uniform title |
Pāʼīdār taraqqī. |
| 9 (RLIN) |
6840 |
| 856 41 - ELECTRONIC LOCATION AND ACCESS |
| Materials specified |
Table of contents only |
| Uniform Resource Identifier |
<a href="http://www.loc.gov/catdir/toc/fy16pdf02/2015327420.html">http://www.loc.gov/catdir/toc/fy16pdf02/2015327420.html</a> |
| 880 00 - ALTERNATE GRAPHIC REPRESENTATION |
| Linkage |
245-01/(3/r |
| Title |
سماجى شعبه اور پائيدار ترقّى / |
| c |
ترتيب و تدوين، حميرا اشفاق. |
| 880 ## - ALTERNATE GRAPHIC REPRESENTATION |
| Linkage |
250-02/(3/r |
| Title |
اشاعت اوّل. |
| 880 #1 - ALTERNATE GRAPHIC REPRESENTATION |
| Linkage |
264-03/(3/r |
| Title |
اسلام اباد : |
| b |
پاليسى انسٹيٹيوٹ برائے پائيدار ترقّى، |
| c |
2015. |
| 880 0# - ALTERNATE GRAPHIC REPRESENTATION |
| Linkage |
490-04/(3/r |
| Title |
سلسلۀ مطبوعات ؛ |
| v |
5 |
| 880 1# - ALTERNATE GRAPHIC REPRESENTATION |
| Linkage |
700-05/(3/r |
| Title |
اشفاق، حميرا |
| 880 0# - ALTERNATE GRAPHIC REPRESENTATION |
| Linkage |
730-06/(4/r |
| Title |
پائيدار ترقّى. |
| 906 ## - LOCAL DATA ELEMENT F, LDF (RLIN) |
| a |
7 |
| b |
cbc |
| c |
origode |
| d |
3 |
| e |
ncip |
| f |
20 |
| g |
y-nonroman |
| 942 ## - ADDED ENTRY ELEMENTS (KOHA) |
| Source of classification or shelving scheme |
|
| Koha item type |
Book |